Time to weep. (Record no. 17126)

000 -LEADER
fixed length control field 00528nam a2200169 a 4500
001 - CONTROL NUMBER
control field :::00020850$&:&@@
003 - CONTROL NUMBER IDENTIFIER
control field OkBaRHE
005 - DATE AND TIME OF LATEST TRANSACTION
control field 20040121142337.0
008 - FIXED-LENGTH DATA ELEMENTS--GENERAL INFORMATION
fixed length control field s1997 j 000 0 eng u
040 ## - CATALOGING SOURCE
Transcribing agency
100 1# - MAIN ENTRY--PERSONAL NAME
Personal name Hill, Stephen
245 10 - TITLE STATEMENT
Title Time to weep.
Statement of responsibility, etc Discover the power of repentance that brings revival.
260 ## - PUBLICATION, DISTRIBUTION, ETC. (IMPRINT)
Place of publication, distribution, etc Orlando, FL
Name of publisher, distributor, etc Creation House
Date of publication, distribution, etc 1997
300 ## - PHYSICAL DESCRIPTION
Extent 179 p.
942 ## - ADDED ENTRY ELEMENTS (KOHA)
Source of classification or shelving scheme
Koha item type Books
Copies
Full call number Shelving location Not for loan Price effective from Date acquired Damaged status Barcode Permanent Location Lost status Withdrawn status Copy number Koha item type Source of classification or shelving scheme Date last seen
BX 8765.5 .H544General Stacks 2010-04-142010-04-14 20850RHEMA Bible Training College  1Books 2010-04-14